000 00593nam a2200229Ia 4500
003 OSt
005 20220928102139.0
006 a|||||r|||| 00| 0
007 ta
008 220927b |||||||| |||| 00| 0 eng d
024 _a24780
037 _cTextual
040 _aSDCL
_cSDCL
_beng
041 _2eng
_aeng
082 _aO15,1K99,1, N2
100 _aChrora Govindram
_9396784
245 0 _aRamgitam.
260 _aJodhpur
_bRajsthani Granthgaar
_c1992
300 _a144p
_ccm.
942 _hO15,1K99,1, N2
_cTEXL
_2CC
999 _c712547
_d712547